Distribution research / (Record no. 18051)
[ view plain ]
| 000 -LEADER | |
|---|---|
| fixed length control field | 01048 am a22002893u 4500 |
| 001 - CONTROL NUMBER | |
| control field | 009688503 |
| 005 - DATE AND TIME OF LATEST TRANSACTION | |
| control field | 20140302115446.0 |
| 008 - FIXED-LENGTH DATA ELEMENTS--GENERAL INFORMATION | |
| fixed length control field | 731212s1973 xxkadk grb 001 0 eng d |
| 020 ## - INTERNATIONAL STANDARD BOOK NUMBER | |
| International Standard Book Number | 0700202323 (pbk) |
| 040 ## - CATALOGING SOURCE | |
| Original cataloging agency | Uk |
| Transcribing agency | Uk |
| 082 04 - DEWEY DECIMAL CLASSIFICATION NUMBER | |
| Classification number | 658.83 |
| Edition number | 22 |
| Item number | CAN |
| 100 1# - MAIN ENTRY--PERSONAL NAME | |
| Personal name | Cannon, Tom |
| 9 (RLIN) | 35125 |
| 245 10 - TITLE STATEMENT | |
| Title | Distribution research / |
| Statement of responsibility, etc | Tom Cannon. |
| 250 ## - EDITION STATEMENT | |
| Edition statement | 1st ed. |
| 260 ## - PUBLICATION, DISTRIBUTION, ETC. (IMPRINT) | |
| Place of publication, distribution, etc | Aylesbury, United Kingdom : |
| Name of publisher, distributor, etc | International Textbook Company Limited, |
| Date of publication, distribution, etc | 1973. |
| Place of manufacture | (Guildford, United Kingdom : |
| Manufacturer | Billing & Sons Ltd.) |
| 300 ## - PHYSICAL DESCRIPTION | |
| Extent | xi, 100 p. : |
| Other physical details | chart, forms, tables ; |
| Dimensions | 22 cm. |
| 490 1# - Series Statement | |
| Series statement | Intertext marketing research series |
| 500 ## - GENERAL NOTE | |
| General note | Includes indexes. |
| 504 ## - BIBLIOGRAPHY, ETC. NOTE | |
| Bibliography, etc | Includes bibliographies references. |
| 650 #0 - SUBJECT ADDED ENTRY--TOPICAL TERM | |
| Topical term or geographic name as entry element | Marketing research |
| 9 (RLIN) | 20890 |
| 653 ## - INDEX TERM--UNCONTROLLED | |
| Resource For college | BAEPS, Business Administration |
| Arrived date list | February2014 |
| 655 ## - INDEX TERM--GENRE/FORM | |
| Form subdivision | |
| -- | 34232 |
| 800 1# - SERIES ADDED ENTRY--PERSONAL NAME | |
| 9 (RLIN) | 35126 |
| Personal name | Sutcliffe, Jack |
| Title of a work | Intertext marketing research series |
| 800 1# - SERIES ADDED ENTRY--PERSONAL NAME | |
| 9 (RLIN) | 35127 |
| Personal name | Woodcock, Peter |
| Title of a work | Intertext marketing research series |
| 942 ## - ADDED ENTRY ELEMENTS (KOHA) | |
| Source of classification or shelving scheme | Dewey Decimal Classification |
| Call number prefix | 658.83 CAN |
| Withdrawn status | Item status | Source of classification or shelving scheme | Damaged status | Not for loan | Vendor | Home library | Current library | Shelving location | Date acquired | Source of acquisition | Total Checkouts | Full call number | Barcode | Date last seen | Koha item type |
|---|---|---|---|---|---|---|---|---|---|---|---|---|---|---|---|
| Dewey Decimal Classification | Donation-Gift | Central Library | Central Library | First floor | 06/02/2014 | Donation | 658.83 CAN | 000035605 | 15/07/2025 | Book - Borrowing |